Fish rots from the head: The crisis in our boardrooms:Developing the crucial skills of the competent Dirctor (Record no. 163866)

MARC details
000 -LEADER
fixed length control field 00433nam a2200145Ia 4500
008 - FIXED-LENGTH DATA ELEMENTS--GENERAL INFORMATION
fixed length control field 230917s9999||||xx |||||||||||||| ||und||
040 ## - CATALOGING SOURCE
-- 195252
Original cataloging agency VIVEKANANDA LIBRARY
041 ## - Language
-- English
082 ## - DDC NUMBER
Classification number 658.409 G191F
100 ## - MAIN ENTRY--PERSONAL NAME
Personal name Garratt, Bob
245 #0 - TITLE STATEMENT
Title Fish rots from the head: The crisis in our boardrooms:Developing the crucial skills of the competent Dirctor
260 ## - PUBLICATION, DISTRIBUTION, ETC. (IMPRINT)
Place of publication, distribution, etc London
Name of publisher, distributor, etc Profile Books
Date of publication, distribution, etc 2009
300 ## - PHYSICAL DESCRIPTION
Pages 281 p.
942 ## - ADDED ENTRY ELEMENTS (KOHA)
Koha item type Books
Holdings
Withdrawn status Lost status Damaged status Not for loan Location (home branch) Sublocation or collection (holding branch) Shelving location Date acquired Koha issues (times borrowed) Koha full call number Accession No. Koha date last seen Koha item type
        VIVEKANANDA LIBRARY VIVEKANANDA LIBRARY IMSAR Library 02/01/2012   658.409 G191F 300342 17/09/2023 Books
© Designed and Maintained by Vivekananda Library, MDU Rohtak